000
00308nam a22001457a 4500
003
SGT
082
_a
346.540954,DAS
100
_a
DAS,P.K
245
_a
RIGHTS OF DIVORCED WIFE AND WIDOWS
250
_a
1ST
260
_a
NEW DELHI
_b
UNIVERSAL BOOKS
_c
2013
300
_a
552
650
_a
LAW
942
_2
ddc
_c
BK
999
_c
9767
_d
9767